000 01425nab a22002657a 4500
999 _c5841
_d5841
003 OSt
005 20260108014718.0
008 190514b xxu||||| |||| 00| 0 spa d
040 _cPJ
100 _96740
_aBarabasqui, Paula
245 1 0 _aDerecho a la intimidad de niños, niñas y adolescentes en la era de las redes sociales /
_cPaula Barabasqui, Daniela Fico, David Hacker, Natalia Kerszberg.
300 _ap. 73-78
505 _aSumario: I. Introducción.— II. Marco normativo.— III. Derechos en juego. La exposición de los niños en redes sociales como violación a su privacidad. — IV. Derechos y deberes derivados de la responsabilidad parental.— V. Autonomía progresiva y ejercicio de derechos. Cuando son los propios niños y adolescentes quienes acceden a las redes sociales.— VI. Una decisión bien enmarcada.
505 _tSi te interesa el texto, comunicate a koha@justierradelfuego.gov.ar
650 0 _9967
_aDERECHO DE FAMILIA
650 0 _92741
_aDERECHOS DE LAS NIÑAS, NIÑOS Y ADOLESCENTES
650 0 _92724
_aDERECHO A LA INTIMIDAD
650 0 _94109
_aREDES SOCIALES
650 0 _91015
_aRESPONSABILIDAD PARENTAL
700 _94620
_aFico, Daniela
_ecoautor
700 _96741
_aHacker, David
_ecoautor
700 _94621
_aKerszberg, Natalia
_ecoautor
773 0 _02844
_93222
_dBuenos Aires : AbeledoPerrot, 1989-
_tDerecho de familia. N° 119 - Mayo 2025
_z18511201
942 _2udc
_cANA